Where are MLB Teams located? - Statistics

General Stats
  • This quiz has been taken 40 times
    32 since last reset
  • The average score is 26 of 30
Answer Stats
Hint Answer % Correct
Blue Jays Toronto
96%
Red Sox Boston
93%
White Sox Chicago
93%
Cubs Chicago
93%
Tigers Detroit
93%
Astros Houston
93%
Royals Kansas City
93%
Dodgers Los Angeles
93%
Marlins Miami
93%
Mets New York
93%
Yankees New York City
93%
Athletics Oakland
93%
Phillies Philadelphia
93%
Rays Tampa Bay
93%
Braves Atlanta
89%
Orioles Baltimore
89%
Guardians Cleveland
89%
Pirates Pittsburgh
89%
Padres San Diego
89%
Mariners Seattle
89%
Nationals Washington D.C.
89%
Reds Cincinnati
86%
Giants San Francisco
86%
Cardinals St. Louis
86%
Angels Anaheim
79%
Brewers Milwaukee
79%
Rockies Denver
71%
Diamondbacks Phoenix
71%
Twins Minneapolis
68%
Rangers Arlington
61%
No matching quizzes found
Score Distribution
Percent of People with Each Score
Percentile by Number Answered
Your Score History
You have not taken this quiz since the last reset